Top 10 Nigerian Football Transfer Records - Statistics

General Stats
  • This quiz has been taken 132 times
    50 since last reset
  • The average score is 7 of 10
Answer Stats
Rank Name Joined Left Season Fee % Correct
1 Victor Osimhen SSC Napoli LOSC Lille 20/21 €78.90m
100%
2 Victor Osimhen Galatasaray SSC Napoli 25/26 €75.00m
100%
4 Kelechi Iheanacho Leicester City Manchester City 17/18 €27.70m
79%
3 Alex Iwobi Everton FC Arsenal FC 19/20 €30.40m
77%
5 Alex Iwobi Fulham FC Everton FC 23/24 €25.70m
77%
9 Victor Boniface Bayer 04 Leverkusen Union Saint-Gilloise 23/24 €22.60m
70%
6 Nathan Tella Bayer 04 Leverkusen Southampton FC 23/24 €23.30m
49%
8 Calvin Bassey Ajax Amsterdam Rangers FC 22/23 €23.00m
45%
7 Odion Ighalo Changchun Yatai Watford FC 16/17 €23.30m
40%
10 Terem Moffi OGC Nice FC Lorient 23/24 €22.50m
30%
No matching quizzes found
Score Distribution
Percent of People with Each Score
Percentile by Number Answered
Your Score History
You have not taken this quiz since the last reset